| 000 | 01075cam a2200289 a 4500 | ||
|---|---|---|---|
| 001 | 3384617 | ||
| 005 | 20211207135001.0 | ||
| 008 | 881205s1989 dcua b 001 0deng | ||
| 010 | _a 88037216 | ||
| 020 |
_a087044669X : _c$7.95 |
||
| 020 |
_a0870446746 (lib. bdg.) : _c$9.50 |
||
| 040 |
_aDLC _cDLC _dDLC |
||
| 043 | _an-us--- | ||
| 050 | 0 | 0 |
_aE161.5 _b.G74 1989 |
| 082 | 0 | 0 |
_a917.304 _219 _bNGS |
| 245 | 0 | 0 |
_aGreat American journeys / _cprepared by the Special Publications Division, National Geographic Society ; [contributing authors, Tom Melham ... et al.]. |
| 260 |
_aWashington, D.C. : _bThe Society, _cc1989. |
||
| 300 |
_a199 p. : _bill. (some col.) ; _c26 cm. |
||
| 500 | _aIncludes index. | ||
| 504 | _aBibliography: p. 196. | ||
| 650 | 0 |
_aTravelers _zUnited States _xHistory. _985913 |
|
| 651 | 0 |
_aUnited States _xDescription and travel. _985914 |
|
| 700 | 1 |
_aMelham, Tom, _d1946- _985915 |
|
| 710 | 2 |
_aNational Geographic Society (U.S.). _bSpecial Publications Division. _985916 |
|
| 906 |
_a7 _bcbc _corignew _d1 _eocip _f19 _gy-gencatlg |
||
| 942 |
_2ddc _cBK |
||
| 999 |
_c587171 _d587171 |
||